Nhập môn Microsoft Word

Đã lưu trong:
Sonraí Bibleagrafaíochta
Príomhúdar: Hồ, Trọng Long
Formáid: Leabhar
Teanga:Undetermined
Foilsithe: Thành phố Hồ Chí Minh Thống kê 2003
Ábhair:
Clibeanna: Cuir Clib Leis
Gan Chlibeanna, Bí ar an gcéad duine leis an taifead seo a chlibeáil!
Thư viện lưu trữ: Trung tâm Học liệu Trường Đại học Cần Thơ
LEADER 00581nam a2200181Ia 4500
001 CTU_79756
008 210402s9999 xx 000 0 und d
082 |a 005.3 
082 |b L431 
100 |a Hồ, Trọng Long 
245 0 |a Nhập môn Microsoft Word 
245 0 |c Hồ Trọng Long, Nguyễn Phước Đại, Nguyễn Duy Hoàng Mỹ 
260 |a Thành phố Hồ Chí Minh 
260 |b Thống kê 
260 |c 2003 
650 |a Microsoft Word (Computer programs) 
904 |i Năm 
980 |a Trung tâm Học liệu Trường Đại học Cần Thơ